| 000 -CABECERA |
| campo de control de longitud fija |
02343nam a22002537a 4500 |
| 003 - IDENTIFICADOR DEL NÚMERO DE CONTROL |
| campo de control |
OSt |
| 005 - FECHA Y HORA DE LA ÚLTIMA TRANSACCIÓN |
| campo de control |
20220608092551.0 |
| 008 - DATOS DE LONGITUD FIJA--INFORMACIÓN GENERAL |
| campo de control de longitud fija |
220608b ||||| |||| 00| 0 spa d |
| 020 ## - NÚMERO INTERNACIONAL ESTÁNDAR DEL LIBRO |
| Número Internacional Estándar del Libro |
9788416767908 |
| 040 ## - FUENTE DE LA CATALOGACIÓN |
| Centro/agencia transcriptor |
CO-MqBPB |
| 082 ## - NÚMERO DE LA CLASIFICACIÓN DECIMAL DEWEY |
| Número de clasificación |
NG |
| Número de documento/Ítem |
LEEa |
| 100 ## - ENTRADA PRINCIPAL--NOMBRE DE PERSONA |
| Nombre de persona |
Lee, Stan |
| Fechas asociadas al nombre |
1922-2018 |
| 245 10 - MENCIÓN DE TÍTULO |
| Título |
Asombroso, fantastico,increible/ |
| Resto del título |
unas memorias maravillosas. |
| Mención de responsabilidad, etc. |
Stan Lee |
| 250 ## - MENCIÓN DE EDICIÓN |
| Mención de edición |
la biografía de Stan Lee |
| 264 ## - PRODUCCIÓN, PUBLICACIÓN, DISTRIBUCIÓN, FABRICACIÓN Y COPYRIGHT |
| Producción, publicación, distribución, fabricación y copyright |
Barcelona: |
| Nombre del de productor, editor, distribuidor, fabricante |
Palneta comic; |
| Fecha de producción, publicación, distribución, fabricación o copyright |
2019. |
| 300 ## - DESCRIPCIÓN FÍSICA |
| Extensión |
192 paginas |
| Otras características físicas |
Tapa Dura |
| Dimensiones |
27 cm |
| 500 ## - NOTA GENERAL |
| Nota general |
El hombre que estuvo detrás de la creación de Spiderman, de los X-Men, del increíble Hulk y de una legión de superhéroes presenta las primeras memorias gráficas que tratan de su vida y milagros.<br/><br/>El de Stan Lee es el nombre más legendario en la historia del cómic. Se trata de la fuerza creativa que propició el ascenso de Marvel Comics y dio vida a algunos de los superhéroes más conocidos del mundo —y a sus más infames villanos—. Sus historias, que trataban de superhéroes que se enfrentan a los problemas de su día a día y de tipos malos con una complejidad psicológica nunca vista por aquel entonces, añadieron ingenio y sutileza a un campo que se había conformado con presentar retratos planos del bien luchando contra el mal. Fue Stan Lee quien hizo humano al superhumano; y, mientras se afanaba en ello, dio forma a una nueva mitología para el siglo xx.<br/><br/>En este libro único y profusamente ilustrado, Stan Lee cuenta la historia de su extraordinaria vida con la misma energía inimitable y con ese espíritu original con el que llenó el mundo del cómic. Esta memoria gráfica a todo color habla de los momentos álgidos de su vida, desde su miserable niñez en el neoyorkino barrio de Washington Heights hasta que se convirtió en guionista principal y editor jefe de Marvel Comics durante su época más prolífica, en las décadas de los años 60 y 70 del siglo pasado. Desde su trabajo con los grandes Joe Simon y Jack Kirby, a la creación de Spiderman junto con Steve Ditko, pasando por su reciente cameo en Los vengadores: La era de Ultrón. |
| 650 ## - PUNTO DE ACCESO ADICIONAL DE MATERIA--TÉRMINO DE MATERIA |
| Fuente del encabezamiento o término |
Memorias gráficas |
| Subdivisión de forma |
Comic |
| 650 ## - PUNTO DE ACCESO ADICIONAL DE MATERIA--TÉRMINO DE MATERIA |
| Fuente del encabezamiento o término |
Historietas |
| Subdivisión de forma |
Legion de superheroes |
| 650 ## - PUNTO DE ACCESO ADICIONAL DE MATERIA--TÉRMINO DE MATERIA |
| Fuente del encabezamiento o término |
Historia del comic |
| Subdivisión de forma |
Capitan América |
| 700 ## - PUNTO DE ACCESO ADICIONAL--NOMBRE DE PERSONA |
| Nombre de persona |
Peter David |
| Término indicativo de función/relación |
coautor |
| 700 ## - PUNTO DE ACCESO ADICIONAL--NOMBRE DE PERSONA |
| Nombre de persona |
Colleen Doran |
| Término indicativo de función/relación |
il. |
| 942 ## - ELEMENTOS DE PUNTO DE ACCESO ADICIONAL (KOHA) |
| Fuente del sistema de clasificación o colocación |
|
| Tipo de ítem Koha |
Libro Literatura |